| 000 | 00340nam a22001337a 4500 | ||
|---|---|---|---|
| 008 | 181002b xxu||||| |||| 00| 0 eng d | ||
| 020 | _a9780262611145 | ||
| 041 | _aeng | ||
| 080 | _a572 | ||
| 100 | _a24 | ||
| 101 | _aAnt | ||
| 245 |
_aBeyond Modularity A development Perspective On Cognitive Science _cSmith.A.k |
||
| 942 |
_2udc _cBK |
||
| 999 |
_c48773 _d48773 |
||